Jukundián páter. Emlékezés az erdélyi katolikus tanító- és kántorképzés alapítójára
Elmentve itt :
| Szerző: | |
|---|---|
| Adatforrás: | Meister |
| Forrásdokumentuma: | Korunk. - 10 sz., 1999, 101-102 p. |
| Nyelv: | magyar |
| Kulcsszavak: | iskolatörténet művelődéstörténet oktatási intézmények iskolák katolikusok JUKUNDIÁN Simon páter |
| LEADER | 00562nab a2200181 i 4500 | ||
|---|---|---|---|
| 001 | bibPRO00003734 | ||
| 008 | 060524s1999 xx hun | ||
| 040 | |a Sz1 | ||
| 041 | |a hun | ||
| 100 | 1 | |a FODOR György | |
| 245 | 1 | 0 | |a Jukundián páter. Emlékezés az erdélyi katolikus tanító- és kántorképzés alapítójára |c FODOR György |
| 695 | |a iskolatörténet | ||
| 695 | |a művelődéstörténet | ||
| 695 | |a oktatási intézmények | ||
| 695 | |a iskolák | ||
| 695 | |a katolikusok | ||
| 695 | |a JUKUNDIÁN Simon páter | ||
| 773 | 0 | |t Korunk. - |g 10 sz., 1999, 101-102 p. | |